000 00430nam a2200157Ia 4500
008 240729s9999 xx 000 0 und d
022 _a0975-928X
245 0 _aElectronic Journal of Plant Breeding
260 _aIndia
260 _bIndian Society of Plant Breeders
650 _a Plant culture
650 _aAgriculture
856 _uhttps://doaj.org/toc/df8ac8063346468eb8cd68d6e2e4e904
942 _2ddc
942 _cDOAJEJ
999 _c69365
_d69365
945 _a1
_bMadushi Gamage
_c1
_dMadushi Gamage